| 000 | 00457nam a2200157 i 4500 | ||
|---|---|---|---|
| 001 | 83934 | ||
| 003 | ES-MaACL | ||
| 005 | 20230906174922.0 | ||
| 007 | t| | ||
| 008 | 041118s1953 sp ||||1| spa d | ||
| 100 | 1 |
_aIturrioz y Bajo, Miguel. _965641 |
|
| 245 | 1 | 0 |
_aNormas elementales de ordenación económico social / _cMiguel Iturrioz y Bajo. |
| 260 |
_aVitoria : _b[s.n., _c1953] |
||
| 300 |
_a125 p. ; _c24 cm. |
||
| 852 |
_aES-MaACL _j1963-F-5 _bR.36249 |
||
| 999 |
_c83934 _d83934 |
||